En otras palabras, en otros mundos. Ensayos sobre política cultural

Saved in:
Bibliographic Details
Main Author: Spivak, Gayatri Chakravorty (autora)
Other Authors: Bixio, Alcira (traductora)
Format: Book
Language:English
Spanish
Published: Buenos Aires, Argentina Editorial Paidós 2013
Edition:Primera edición
Series:Espacios del saber, 85
Subjects:
Tags: Add Tag
No Tags, Be the first to tag this record!

MARC

LEADER 00000nam a22000007a 4500
003 CL-VaPUC
005 20220228115921.0
008 210617b ||||| |||| 00| 0 eng d
999 |c 433183  |d 433181 
020 |a 9789501265859 
040 |c Pontificia Universidad Católica de Valparaíso 
041 0 |a spa 
082 0 4 |2 21  |a 306 SPI 2013 
100 1 |a Spivak, Gayatri Chakravorty  |e autora  |9 861661 
245 1 3 |a En otras palabras, en otros mundos.  |b  Ensayos sobre política cultural 
250 |a Primera edición 
260 3 |a Buenos Aires, Argentina  |b Editorial Paidós  |c 2013 
300 |a 458 páginas 
490 |a Espacios del saber,  |v  85 
583 |c 20210617  |k Daniel Castañeda 
650 0 0 |a Estudios culturales  |9 389320 
650 0 0 |a Filosofía política  |9 861662 
700 1 |a Bixio, Alcira  |e traductora  |9 861663 
942 |2 ddc  |c BK 
952 |0 0  |1 0  |2 ddc  |4 0  |6 306_000000000000000_SPI_2013  |7 0  |8 A  |9 578209  |a FDOPOS  |b BIBEDU  |d 2021-06-17  |i 5620597  |l 2  |o 306 SPI 2013  |p 5620597  |r 2023-08-09  |s 2023-06-23  |t 1  |w 2021-06-17  |y BK  |k MEL